000 00915cam a2200277 4500
008 000000n2001 000 0 eng u
020 _a0419212205
035 _a(Sirsi) u101149
041 _aeng
050 _a725.8
100 _aSheard, Rod
245 _aSports architecture.
260 _aLondon
_bSpon Press
_c2001
300 _axix, 227p. ill. ; 28cm.
350 _a45.00
520 _aAn illustrated guide, offering practical advice and guidance on commissioning, designing and managing sports venues around the world. Includes case studies of the Millennium Stadium, Cardiff, Wembley National Stadium and the Stadium Australia in Sydney.
650 _aSTADIA
650 _aSPORTS VENUES
650 _aFOOTBALL GROUNDS
650 _aPLANNING
650 _aDESIGN
650 _aSPECTATORS
650 _aSPORTS BUILDINGS
690 _aBUILT ENVIRONMENT-CONSTRUCTION DESIGN
942 _n0
999 _c100020
_d100020